| 000 | 00768cam a2200229 4500 | ||
|---|---|---|---|
| 001 | D15518 | ||
| 008 | 090401t1980 xxu||||| |||| 00| 0 eng d | ||
| 035 | _a(Sirsi) u23334 | ||
| 041 | _aeng | ||
| 050 | _a526.3 | ||
| 100 | _aCross, P.A. | ||
| 245 | _aInstrumentation and methods for inertial surveying | ||
| 260 |
_bRICS _c1980 |
||
| 300 | _a31 leaves. illus. 30cm | ||
| 350 | _a0 | ||
| 520 | _aFiled in box 1980/9 A; Paper presentated at the Ordinary General Meeting of the Land Surveyors` Division of the RICS, 10 January 1980 | ||
| 700 | _aWebb, J.P. | ||
| 710 |
_aRoyal Institution of Chartered Surveyors _94900 |
||
| 710 |
_aLand Surveyors` Division and N.E. London Polytechnic Department of Land Surveying _91113 |
||
| 942 | _n0 | ||
| 948 | _c04/03/1997 | ||
| 999 |
_c88383 _d88383 |
||